The Biosphere : (Record no. 611805)

MARC details
000 -LEADER
fixed length control field 00507nam a2200193 a 4500
008 - FIXED-LENGTH DATA ELEMENTS--GENERAL INFORMATION
fixed length control field 260211s1998##################000#0#eng##
020 ## - INTERNATIONAL STANDARD BOOK NUMBER
ISBN 9780387982687
082 04 - DEWEY DECIMAL CLASSIFICATION NUMBER
Classification number 333.95
Item number VER
100 1# - MAIN ENTRY--AUTHOR NAME
Personal name Vernadsky, Vladimir I.,
245 10 - TITLE STATEMENT
Title The Biosphere :
260 ## - PUBLICATION, DISTRIBUTION, ETC. (IMPRINT)
Name of publisher Springer Science & Business Media,
Year of publication 1998.
300 ## - PHYSICAL DESCRIPTION
Number of Pages 226 pages
650 #0 - SUBJECT ADDED ENTRY--TOPICAL TERM
Topical Term Science.
942 ## - ADDED ENTRY ELEMENTS (KOHA)
Koha item type English Books
Holdings
Withdrawn status Lost status Damaged status Not for loan Home library Current library Shelving location Date acquired Full call number Accession Number Price effective from Koha item type
        Anna Centenary Library Anna Centenary Library 4TH FLOOR, A WING 11.02.2026 333.95 VER 289972 11.02.2026 English Books

Find us on the map